000 00954nam a2200145Ia 4500
008 100204s9999 xx 000 0 und d
082 _b25741
100 _aसाठे ग्रंथ प्रकाशक मंडळी
245 _aश्रीदत्तस्वरुप विनायक वासुदेव साठे विरचित अभंगगाथा खंड -1 भाग -2 ( 1935
260 _bसाठे ग्रंथ प्रकाशक मंडळ रत्नागिरी
_c2000
300 _a782-26
630 _aश्रीदत्तस्वरुप विनायक वासुदेव साठे विरचित अभंगगाथा खंड -1 भाग -2 ( 1935
730 _aश्रीदत्तस्वरुप विनायक वासुदेव साठे विरचित अभंगगाथा खंड -1 भाग -2 ( 1935
942 _cBOOK
999 _c470921
_d470918